| 000 | 00390nam a22001577a 4500 | ||
|---|---|---|---|
| 003 | LK-CoDNM | ||
| 005 | 20240813093502.0 | ||
| 008 | 240813b |||||||| |||| 00| 0 eng d | ||
| 040 |
_aLK-CoDNM _dLK-CoDNM _eLK-CoDNM |
||
| 080 |
_a10 _bR1 |
||
| 100 | _aCARUANA A. A | ||
| 245 | _aReport | ||
| 260 |
_aMalta _bgoverment printing office _c1882 |
||
| 300 | _avii, 168p. ; 32 cm | ||
| 942 | _cBK | ||
| 999 |
_c147274 _d147274 |
||